Wolverhampton Wanderers Squad 2019-2020 - Statistics

General Stats
  • This quiz has been taken 13 times
  • The average score is 18 of 27
Answer Stats
# Position Nation Player % Correct
16 DF England Conor Coady
100%
28 MF Portugal João Moutinho
100%
9 FW Mexico Raúl Jiménez
100%
8 MF Portugal Rúben Neves
100%
11 GK Portugal Rui Patrício
100%
10 FW Portugal Daniel Podence
92%
32 MF Belgium Leander Dendoncker
92%
2 DF Ireland Matt Doherty
92%
10 FW Italy Patrick Cutrone
92%
37 FW Spain Adama Traoré
83%
19 DF Spain Jonny Otto
83%
- Coach Portugal Nuno Espírito Santo
83%
27 MF Morocco Romain Saïss
83%
15 DF Ivory Coast Willy Boly
83%
18 FW Portugal Diogo Jota
75%
49 DF England Max Kilman
67%
7 FW Portugal Pedro Neto
67%
21 GK England John Ruddy
58%
29 DF Portugal Rúben Vinagre
50%
5 DF England Ryan Bennett
50%
17 MF England Morgan Gibbs-White
33%
6 MF Portugal Bruno Jordão
25%
4 DF Spain Jesús Vallejo
17%
30 FW Ecuador Leonardo Campana
17%
59 DF Denmark Oskar Buur
17%
39 MF Switzerland Ming-Yang Yang
8%
40 DF Ghana Phil Ofosu-Ayeh
8%
No matching quizzes found
Score Distribution
Percent of People with Each Score
Percentile by Number Answered
Your Score History
You have not taken this quiz